000 01485nam a2200241Ia 4500
003 Ost
005 20260507075113.0
008 260507s9999||||xx |||||||||||||| ||und||
020 _a977328008X
040 _cfsecg
041 _aara
082 _a330
100 _aشهاب، مجدي محمود
_eمؤلف
245 0 _aاقتصاديات النقود والمال :
_bالنظرية والمؤسسات النقدية،بورصة الأوراق المالية في مصر،تطور النظام المصرفي المصري /
_c مجدي محمود شهاب
260 _aالاسكندرية:
_bدار الجامعة الجديدة,
_c2000
300 _a283 صفحة؛
_bإيضاحات ؛
_c24 سم
490 _aالمكتبة الإقتصادية
504 _aببليوغرافيا:ص.281-283
520 _aالنقود،النقود في اقتصاد المبادلة،أشكال النقود،قيمة النقود،تقدير قيمة النقود،آثار التغيير في قيمة النقود وظاهرة التضخم،النظم النقدية،النظام النقدي المصري،السوق النقدي،سوق رأس المال،سوق المال في مصر،تطور النظام المصرفي في طريقة الانتاج الرأسمالي،نشأة وتطور الجهاز المصرفي في مصر،هيكل وأهمية الجهاز المصرفي المصري
653 _aالإقتصاد
653 _aالنقود
942 _cكتاب
999 _c42950
_d42950